000 00661nam a2200205Ia 4500
003 GCL
008 140319s9999 xx 000 0 ara d
040 _aGCL /
_cGCL
082 0 4 _a332.0415
_bك هـ
100 1 _aكويل، برايان
245 1 0 _aهيكلة راس مال الشركات /
_cكويل، برايان
260 _aالقاهرة :
_bدار الفاروق للنشر والتوزيع ،
_c2005
300 _a160 ص ؛
_c24 سم
650 0 4 _aالقروض
650 0 4 _aراس المال
650 0 4 _aالشركات المساهمة
650 0 4 _aالاسهم
650 0 4 _aالشركات - تنظيم و ادارة
942 _2ddc
_cBK
999 _c8268
_d8268